| 000 | 01072cam a22003257a 4500 | ||
|---|---|---|---|
| 003 | CHAP | ||
| 005 | 20220329141619.0 | ||
| 008 | 971013s1947 r 00010 d | ||
| 010 | _a71032 | ||
| 011 | _a72004 | ||
| 035 | _a81558 | ||
| 040 | _cCHAP | ||
| 090 | _aFolleto 8699 | ||
| 100 | 0 | 0 |
_aAguado Smolinski, Jose. _92572 |
| 245 | 1 | 3 | _aUn caso de aplicación de la estadística matemática a la producción forestal |
| 260 |
_aMadrid : _bMinisterio de Agricultura, _c1947 |
||
| 300 |
_a55 p. _b; gráfs. |
||
| 590 |
_aBATCH-UPD _b10 _c20130109 _lUCH01 _h2334 |
||
| 590 |
_aBATCH-UPD _b10 _c20130110 _lUCH01 _h0115 |
||
| 590 |
_aBATCH-UPD _b10 _c20130110 _lUCH01 _h2338 |
||
| 590 |
_aBATCH-UPD _b10 _c20130409 _lUCH01 _h1901 |
||
| 590 |
_aBATCH-UPD _b10 _c20130410 _lUCH01 _h1627 |
||
| 590 |
_aBATCH-UPD _b10 _c20130914 _lUCH01 _h0719 |
||
| 590 |
_aCONVERSION _b10 _c20130109 _lUCH01 _h1339 |
||
| 650 | 1 | 4 |
_aBosques _xMétodos estadísticos. _914340 |
| 650 | 1 | 4 |
_aPinus radiata. _988362 |
| 901 | _aBK | ||
| 942 | _cLIBRO | ||
| 949 |
_aFolleto 8699 _bBC _cBPA _d-34996 _eBPA _i81558 _si |
||
| 999 |
_c71032 _d71032 |
||